| 000 | 01265nam0a22002891 4500 | ||
|---|---|---|---|
| 001 | rc\4362612 | ||
| 005 | 20250612061233.0 | ||
| 021 |
_aRU _b[59-54335] |
||
| 035 | _a(NLR Aleph) 008536265 | ||
| 090 |
_a8319042 _c8319042 |
||
| 100 | _a20130416d1959 |||y0rusy50 ca | ||
| 101 | 0 | _arus | |
| 102 | _aRU | ||
| 105 | _ab z ||||| | ||
| 200 | 1 |
_aСпециализация и сочетание отраслей в колхозах пригородной зоны _e(На примере колхозов пригородной зоны г. Воронежа) |
|
| 210 |
_aМосква _cСельхозгиз _d1959 |
||
| 215 |
_a256 с., 1 л. карт. _d20 |
||
| 300 | _aПеред загл. авт.: А.Р. Глазун, канд. экон. наук | ||
| 606 |
_aКолхозы _xСпециализация _yВоронежская обл. _2psbo |
||
| 606 |
_aКолхозы _xПригородные зоны _yВоронежская обл. _2psbo |
||
| 606 |
_aКолхозы _xСочетание отраслей хозяйства _yВоронежская обл. _2psbo |
||
| 700 | 1 |
_aГлазун _bА.Р. _gАлександр Романович |
|
| 801 | 0 |
_aRU _bNLR _gpsbo |
|
| 801 | 1 |
_aRU _bELAR _2rusmarc |
|
| 852 |
_aNLR _j59-3/4629 |
||
| 942 | _cBOOK | ||
| 980 | _aNB | ||